00819nam a22002057a 4500999001900000005001700019010001300036020002600049035001100075037001300086082001000099100004900109245011400158246007700272260004700349270004400396300002300440942003000463952012000493 c180999d18099920210825130517.0 aUR-11210 c350.00a9789387884427 aU-9765 bDBAD/PUB a921.8 aظفر عبد الر ؤ ف ر حما نی  aپر و فيسر لطف الر حمن فن ا و ر شخصيت cظفر عبد الر ؤ ف ر حما نی  aProf. Lutfur Rahman: Fann Aur Shakhsiyat (Urdu)bby Zafar Abdur Rahmani  aDelhic2018 ءbCreatyve Star Publications aJamia Nagar,bNew Delhie25l8851148278 a512 ص c22 Cm(Hb) 2ddccURh921.8mل ط ف  001040708NFICaLbLd2021-08-25eDBAD/PUBg350.00l0o921.8 ل ط فpU-9765r2021-08-25 00:00:00t1v350.00yUR